01586nam a2200241Ia 4500001000600000003000900006008004100015040001300056040001300069041001300082100001900095100002900114245006400143245006400207250001100271260001100282260001200293260004900305300005700354500087800411650002401289650003101313A0920IT-RoPAU130308s9999 xx 000 0 und d aIT-RoPAU cIT-RoPAU aITALIANO aColombo Fausto gCodice Aut. SPICS: 14748 aOmbre sintetiche-Saggio di teoria dell'immagine elettronica bOmbre Sintetiche-Saggio di Teoria dell'Immagine Elettronica a1a ed. aNAPOLI bLiguori c1990 [1° Ed.:1990 - Ed.Ling.Originale:1990] a"186 p. (prefazione: no ; testo: 186 [pagine: 0-0])" aPrefazione di Gianfranco Bettetini. Era dell'Ombra. immagine Post Industriale. Immegine del Mondo e Mondo dell'Immagine. tecnologia e Cultura. Media e Horror Vacui. Simulacri. Statuto della rappresentazione Tecnica. Immaginetecnica Come Problema. fotografia chimica della Luce. Cinema Tempo Significante. Televisione Segno Puntuale. video e Videografica e L'Immagine Sintetica. Sfida della Videografica. Due Facce dell'Icona. Segno Artificiale. Collage di Sogni. forme della Neo Realtà. corpi D'Ombra. fantasma Elettronico. Realtà dell'Immagine. Realtà Tempo. Televisione e Neorealtà. scena Fantasma. Spettacolo Elettronizzato. Teleteatro. Videosport. Iperuranio del Numero. Infoicona. Infoimmagine nel Mondo. Infoicona e Simulacro. vivere nell'Ombra. per Un'Etica della Neorealtà. Ecologia dell'Ombra. immagine Ecologica. Realismo Etico. Bibliografia. Glossario. aSAGGI DI SEMIOLOGIA eCodice materia Spics: 3257